Song by Rap Lyrics - Statistics

General Stats
  • This quiz has been taken 568 times
  • The average score is 4 of 15
Answer Stats
Rap Lyrics Song % Correct
Yeah, I'm up at Brooklyn, now I'm down in Tribeca / Right next to DeNiro, but I'll be hood forever Empire State of Mind
67%
As I walk through the valley of the shadow of death / I take a look at my life and realize there's not much left Gangsta's Paradise
52%
It's the return of the... "Ah, wait, no way, you're kidding / He didn't just say what I think he did, did he?" The Real Slim Shady
50%
She was supposed to buy shorty TYCO with your money / She went to the doctor got lipo with your money / She walking around looking like Michael with your money Gold Digger
38%
Boy toy named Troy used to live in Detroit / Big dope dealer money he was gettin' some coins Anaconda
37%
Coppin' it, washin' it, 'bout to go and get some compliments / Passin' up on those moccasins someone else's been walkin' in Thrift Shop
34%
And I heard "Son do you know why I'm stopping you for?" / 'Cause I'm young and I'm black and my hat's real low 99 Problems
21%
'Cause you notice that butt was stuffed / Deep in the jeans she's wearing / I'm hooked and I can't stop staring Baby Got Back
20%
I like the way you walkin' if you walkin' my way / I'm that red bull, now let's fly away / Let's buy a place with all kinds of space / I'll let you be the judge and I'm the case Bedrock
20%
And I'm still in the murder business / I could hold you down, like I'm givin' lessons in physics Fancy
18%
So lucky oh me, I was just like a clover / Shawty was hot like a toaster / Sorry but I had to fold her / Like a pornography poster / She showed her Low
14%
Hear them haters talk but there's nothing you can tell 'em / Just made a million, got another million on my schedule Black and Yellow
12%
Baby you the whole package, plus you pay your taxes / And you keep it real while them others stay plastic Nothin' On You
8%
You look good, baby must taste heavenly / I'm pretty sure that you got your own recipe / So pick it up, pick it up, yeah I like you / I just can't get enough I got to drive through Carry Out
3%
X-Men comics you know I collect 'em / The pens in my pocket I must protect 'em / My ergonomic keyboard never leaves me bored White and Nerdy
3%
No matching quizzes found
Score Distribution
Percent of People with Each Score
Percentile by Number Answered
Your Score History
You have not taken this quiz